00609nam a2200169 a 450000100100000000500170001000800410002704000250006808200150009310000290010824500830013726000440022030000300026450000630029450000410035750400410039800000670220200929153958.0090902s199u dr 000 0 spa d aDO-SdBNPbspacBNPHU axxxxbO78d1 aOrtíz, Víctor Raúl10aDesarrollo de la conciencia moral en los jóvenes /cVíctor Raúl Ortíz. aSanto Domingo :bAmigo del Hogar,c199? a244 p. :bretr. ;c24 cm. aIncluye datos biográficos del autor en la contracubierta aIncluye notas al pie de la páginas aIncluye bibliografías (p. 227-229)